Occupational stress : health and performance at work /

Bibliographic Details
Other Authors: Wolf, Stewart, 1914-, Finestone, Albert J.
Format: Book
Language:English
Published: Littleton, Mass. : PSG Pub. Co., [1986]
Subjects:

MARC

Tag First Indicator Second Indicator Subfields
LEADER 00000cam a22000008a 4500
001 in00000443421
005 20151012065705.0
008 851224s1986 maua b 00100 eng d
010 |a  85031941  
020 |a 0884164845 
035 |a (OCoLC)13010066 
035 |9 ABW4320AM 
039 0 |a 2  |b 3  |c 3  |d 3  |e 3 
040 |a DNLM/DLC  |c DLC  |d TXA  |d UtOrBLW 
043 |a n-us--- 
049 |a TXAM  |c [A09864327] 
050 0 0 |a HF5548.85  |b .O25 1986 
060 0 |a WA 495 O155 
082 0 |a 158.7  |2 19 
245 0 0 |a Occupational stress :  |b health and performance at work /  |c edited by Stewart Wolf, Albert J. Finestone. 
263 |a 8605 
264 1 |a Littleton, Mass. :  |b PSG Pub. Co.,  |c [1986] 
264 4 |c ©1986 
300 |a xii, 243 pages :  |b illustrations 
336 |a text  |b txt  |2 rdacontent 
337 |a unmediated  |b n  |2 rdamedia 
338 |a volume  |b nc  |2 rdacarrier 
504 |a Includes bibliographies and index. 
650 0 |a Job stress  |z United States. 
650 0 |a Industrial hygiene  |z United States. 
650 0 |a Industrial safety  |z United States. 
650 0 |a Industries  |x Social aspects  |z United States. 
650 2 |a Job Satisfaction. 
650 2 |a Occupational Medicine. 
650 2 |a Psychology, Industrial. 
650 2 |a Stress, Psychological. 
700 1 |a Wolf, Stewart,  |d 1914- 
700 1 |a Finestone, Albert J. 
999 |a MARS 
999 f f |s edb4bd7a-4493-3813-b385-62d7e12c389d  |i aac16ff9-86b6-3136-b7ff-b2b065d50986  |t 0 
952 f f |p ric  |a Texas A&M University  |b Rellis Campus  |c Joint Library Facility  |d Remote Storage  |t 0  |e HF5548.85 .O25 1986  |h Library of Congress classification  |i unmediated -- volume  |m A14809864327 
998 f f |a HF5548.85 .O25 1986  |t 0  |l Remote Storage